| 000 | 00432nam a2200157 4500 | ||
|---|---|---|---|
| 001 | 122507 | ||
| 003 | ES-MaACL | ||
| 005 | 20230906192005.0 | ||
| 007 | t| | ||
| 008 | 070214s1961 sp r ||||1| spa d | ||
| 100 | 1 |
_aPring-Mill, R. D. F. _993983 |
|
| 245 | 1 | 3 |
_aEl microcosmos Lul-lía / _cR. D. F. Pring-Mill. |
| 260 |
_aPalma de Mallorca : _bMoll, _c1961. |
||
| 300 |
_a175 p. ; _c12 cm. |
||
| 852 |
_aES-MaACL _jF-3572 _bR.49516 |
||
| 999 |
_c122507 _d122507 |
||